Normal view
MARC view
- Santa Clara Valley (Santa Clara County, Calif.)
Entry Geographic Name
001 - CONTROL NUMBER
- control field: 97252
003 - CONTROL NUMBER IDENTIFIER
- control field: NUST
005 - DATE AND TIME OF LATEST TRANSACTION
- control field: 20220815162809.0
008 - FIXED-LENGTH DATA ELEMENTS
- fixed length control field: 220815|| aca||aabn | a|a d
040 ## - CATALOGING SOURCE
- Original cataloging agency: NUST
- Transcribing agency: NUST
151 ## - HEADING--GEOGRAPHIC NAME
- Geographic name: Santa Clara Valley (Santa Clara County, Calif.)
- Form subdivision: Biography
- Form subdivision: Anecdotes
670 ## - SOURCE DATA FOUND
- Source citation: Work cat.: (NUST)0: Schmidt, Eric, 1955 April 27- author. 10375, Trillion-dollar coach :
